00593nam a2200181Ia 450000500170000000800410001702000250005804000190008304100120010208200150011424500870012926000290021630000130024550400500025865000620030870000310037085000100040120230216114901.0131103s9999 xx 000 0 und d a754600165cRs.695.00 aLoreto College aEnglish a820.9bWAG 4aThe Victorian comic spiritb New perspectives cEdited by Jennifer A.Wagner-Lawlor aAldershotbAshgatec2000 axx,252p  aIncludes bibliographical references and index aEnglish Wit and Humour-19th Century-History and Criticism aWagner-Lawlor, Jennifer A. aLCLIB